Mejoramiento y control de los procesos de limpieza para los equipos de Industrias Químicas Falcón de México S.A. de C.V. / Arianna Parrales Bahena (Registro nro. 26352)
[ vista simple ]
| 000 -LÍDER | |
|---|---|
| fixed length control field | 00545nam a2200121 4500 |
| 050 ## - SIGNATURA TOPOGRAFICA DE LA BIBLIOTECA DEL CONGRESO (LC) | |
| Número de Clasificación | TP155 MR5 P3 2010 |
| 082 ## - NUMERO DE CLASIFICACION DECIMAL DEWEY | |
| Número de Clasificación | 615.19 P3m |
| 100 ## - ASIENTO PRINCIPAL--NOMBRE PERSONAL | |
| Nombre personal | Parrales Bahena, Arianna |
| 245 ## - TÍTULO | |
| Título | Mejoramiento y control de los procesos de limpieza para los equipos de Industrias Químicas Falcón de México S.A. de C.V. / Arianna Parrales Bahena |
| 300 ## - DESCRIPCIÓN FÍSICA | |
| Extensión | 42 p. / 29 cm. |
| 502 ## - NOTA DE TESIS | |
| Nota de tesis | Memoria de residencia profesional. Opción. X. I.T.Z. (Química) M.E.M. Deyanira Ochoa V squez |
| 650 ## - ASIENTO SECUNDARIO DE MATERIA - TERMINO TEMÁTICO | |
| Término temático o nombre geográfico como elemento de entrada | 1. INDUSTRIA FARMACÉUTICA \ 2. PROCESOS DE LIMPIEZA-SEGURIDAD |
| No. biblioteca | No. biblioteca | Número de clasificación | Código de barras/Número de adquisición | Número de copia | Tipo de material |
|---|---|---|---|---|---|
| TESIS QUÍMICA | TESIS QUÍMICA | 615.19 P3m | Q107-2010 | 1 | Tesis |
